З добром до людей (Запис № 302738)

МАРК-запис
000 -Лідер
fixed length control field 00586nam a22001817a 4500
003 - Ідентифікатор контрольного номера
control field UA-OsUOA
001 - Контрольний номер
control field 16573
007 - Фіксоване поле фізичного опису
fixed length control field ta
008 - Елементи даних фіксованої довжини – загальна інформація
fixed length control field 20040114b un ||||| |||| 00| 0 ukr d
040 ## - Джерело каталогізації
Агенція оригінальної каталогізації UA-OsUOA
Агенція, яка здійснювала перезапис UA-OsUOA
Агенція, яка здійснювала модифікацію UA-OsUOA
100 ## - Основне введення – ім’я особи
Ім’я особи (НП) Главацька Л.
245 ## - Відомості про назву
Назва (НП) З добром до людей
Решта назви (НП) [Про голову Рвнен. рай. орг. Т-ва Червоного Хреста М.Діжурко]
300 ## - Фізичний опис
Обсяг С.6
650 #7 - Додаткове предметне введення – тематичний термін
Тематичний термін чи географічна назва, як елемент введення (НП) Діжурко М.
Джерело заголовка чи терміна UDC
773 0# - Введення хост-одиниці (П)
Контрольний номер запису (П) 0
Назва (НП) Медичний вісник
Місце, видавець та дата видання (НП) Рівне
-- 2003
Інформація про взаємозв’язок (П) №29/25 лип./
942 ## - Додаткові елементи входу (Коха)
Тип елемента Koha Стаття періодики
955 ## - Код типу видання за змістом
Код типу видання за змістом (НП) інше

Немає доступних примірників.